Religion Quiz

Random Religion or Bible Quiz

Deuteronomy 6:4-9 Quiz Stats

Quiz not verified by Sporcle

Challenge
Share
Tweet
Embed
Score 0/97 Timer 10:00
0 Plays Today
% Correct
Hear,
100%
O
100%
Israel:
100%
The
92%
LORD
92%
our
88%
God,
88%
the
72%
LORD
72%
is
72%
one.
72%
Love
64%
the
64%
LORD
64%
your
60%
God
60%
with
60%
all
60%
your
60%
heart
60%
and
56%
all
56%
your
56%
with
52%
soul
48%
and
48%
with
48%
all
48%
your
48%
strength.
48%
These
48%
commandments
48%
that
44%
% Correct
I
44%
give
44%
you
44%
today
44%
are
44%
to
44%
be
44%
upon
40%
your
40%
hearts.
40%
Impress
36%
them
36%
on
36%
your
36%
children.
36%
Talk
36%
about
36%
them
36%
when
36%
you
36%
sit
32%
at
32%
home
32%
and
32%
when
32%
you
32%
walk
32%
along
32%
the
32%
road,
32%
when
32%
you
32%
lie
32%
% Correct
down
32%
and
32%
when
32%
you
32%
get
32%
up.
32%
Tie
32%
them
32%
as
32%
on
32%
your
32%
hands
32%
and
32%
bind
32%
them
32%
on
32%
your
32%
foreheads.
32%
Write
32%
them
32%
on
32%
the
32%
doorframes
32%
of
32%
your
32%
and
32%
houses
32%
on
32%
your
32%
gates.
32%
symbols
28%

You're not logged in!

Compare scores with friends on all Sporcle quizzes.
Join for Free
OR
Log In

You Might Also Like...

Show Comments

Extras

Created Jul 19, 2011ReportNominate
Tags:Bible Quiz, Scripture Quiz

Top Quizzes Today


Score Distribution

Your Account Isn't Verified!

In order to create a playlist on Sporcle, you need to verify the email address you used during registration. Go to your Sporcle Settings to finish the process.

Report this User

Report this user for behavior that violates our Community Guidelines.

Details: